LEADER 01267nam0 2200337 450 001 000026476 005 20100318093219.0 100 $a20090818d1902----km-y0itay50------ba 101 0 $aita$agre 102 $aIT 200 1 $aMedea$etesto e commento$fEuripide$gper cura di Augusto Balsamo 210 $aFirenze$c<> Le Monnier$d1902 (Soc. Tip. Fiorentina) 215 $aXXV, 170 p.$cill.$d20 cm. 225 2 $aNuova collezione di autori greci e latini 300 $aTesto greco con commento in italiano 300 $aFirma autogr. all'interno: De Pilato 300 $aLire 2.50 410 1$12001$aNuova collezione di autori greci e latini 676 $a882$v(21. ed.)$9Poesia drammatica e letteratura drammatica greca classica 700 0$aEuripides$0229973 702 1$aBalsamo,$bAugusto 801 0$aIT$bUniversità della Basilicata - B.I.A.$gRICA$2unimarc 912 $a000026476 996 $aM?deia$914202 997 $aUNIBAS BAS $aLETTERE CAT $aTTM$b30$c20090818$lBAS01$h1609 CAT $aTTM$b30$c20100318$lBAS01$h0913 CAT $aTTM$b30$c20100318$lBAS01$h0932 FMT Z30 -1$lBAS01$LBAS01$mBOOK$1BASA1$APolo Storico-Umanistico$2FDEP2$BFondo De Pilato Biscione$3FD/108515$6108515$5L108515$820090818$f52$FRari LEADER 03569oam 2200649I 450 001 9910451510703321 005 20210616103103.0 010 $a1-138-17234-0 010 $a1-134-35690-0 010 $a1-280-06285-1 010 $a9786610062850 010 $a6610062854 010 $a0-203-09374-7 024 7 $a10.4324/9780203093740 035 $a(CKB)1000000000249855 035 $a(EBL)200462 035 $a(OCoLC)60803157 035 $a(SSID)ssj0000296073 035 $a(PQKBManifestationID)11236248 035 $a(PQKBTitleCode)TC0000296073 035 $a(PQKBWorkID)10319181 035 $a(PQKB)11309839 035 $a(MiAaPQ)EBC200462 035 $a(Au-PeEL)EBL200462 035 $a(CaPaEBR)ebr10094479 035 $a(CaONFJC)MIL6285 035 $a(OCoLC)56947382 035 $a(EXLCZ)991000000000249855 100 $a20180706d2004 uy 0 101 0 $aeng 135 $aur|n|---||||| 181 $ctxt 182 $cc 183 $acr 200 00$aFacilities management $einnovation and performance /$fedited by Keith Alexander. [et al.] 205 $a1st ed. 210 1$aNew York :$cSpon Press,$d2004. 215 $a1 online resource (174 p.) 300 $aDescription based upon print version of record. 311 $a0-203-68423-0 311 $a0-415-32146-8 320 $aIncludes bibliographical references and index. 327 $aOrganisational change and learning : an introduction / Keith Alexander -- Space place and people : facilities management and critical theory / Bob Grimshaw -- Organisational change, representations and facilities / Michael Fenker -- Space use among growth companies : linking the theories / Jan Bro?chner and Paul Dettwiler -- Innovation and the innovative workplace : an introduction / Brian Atkin -- Why do real estate actors weight adaptability differently for office buildings? / Kirsten Arge -- Towards a more sustainable industrial workplace / John Hudson -- The emergence of supply chain management as a strategic facilities management tool / Margaret-Mary Nelson -- Performance : an introduction / Jan Bro?chner -- Business-related performance measures for facilities management / John Hinks -- Developing balanced scorecards for facilities management / Dilanthi Amaratunga and David Baldry -- Towards knowledge workplaces : an introduction / Tore I. Haugen -- The knowledge workplace : what really matters / Linariza Haron -- Towards typologies of knowledge work and workplaces / Reidar Gjersvik and Siri H. Blakstad -- Appendix : A European workplace knowledge network / Keith Alexander. 330 $aFacilities Management sets out a new framework for the discipline of facilities management which challenges many of the norms and which sets out new methods for optimising the performance of a business. Successful facilities managers need a range of skills and need to be able to devise a range of innovative strategies for the future of the organisations in which they work.This new book follows on directly from Keith Alexander's ground-breaking textbook Facilities Management and focuses on four new themes which have been identified as keys to the new strategy: organisa 606 $aFacility management 608 $aElectronic books. 615 0$aFacility management. 676 $a658.2 686 $a85.05$2bcl 701 $aAlexander$b Keith$0383827 801 0$bMiAaPQ 801 1$bMiAaPQ 801 2$bMiAaPQ 906 $aBOOK 912 $a9910451510703321 996 $aFacilities Management$91943096 997 $aUNINA LEADER 01153cam2 2200277 450 001 E600200064451 005 20220705100742.0 010 $a079233731X 100 $a20100608d1996 |||||ita|0103 ba 101 $ager 102 $aNL 200 1 $a<<30: >>Logik und allgemeine Wissenschaftstheorie. Vorlesungen 1917-1918 mit ergänzenden Texten aus der ersten Fassung von 1910-1911$fEdmund Husserl$ghrsg. von Ursula Panzer 210 $aDordrecht$aBoston$aLondon$cKluwer$d1996 215 $aLXII, 555 p.$d24 cm 461 1$1001E600200064519$12000 $aGesammelte Werke 700 1$aHusserl$b, Edmund$3AF00004903$4070$035554 702 1$aPanzer, Ursula$3A600200061452$4070 801 0$aIT$bUNISOB$c20220705$gRICA 850 $aUNISOB 852 $aUNISOB$j100|Coll|56|K$m88350 912 $aE600200064451 940 $aM 102 Monografia moderna SBN 941 $aM 957 $a100|Coll|56|K$b000022$gSi$d88350$racquisto$1beth$2UNISOB$3UNISOB$420100608101536.0$520220705100712.0$6Alfano 996 $aLogik und allgemeine Wissenschaftstheorie. Vorlesungen 1917-1918 mit ergänzenden Texten aus der ersten Fassung von 1910-1911$91702446 997 $aUNISOB LEADER 01480nam 2200337 n 450 001 996396833103316 005 20221108033226.0 035 $a(CKB)4330000000333460 035 $a(EEBO)2240951613 035 $a(UnM)99873586 035 $a(EXLCZ)994330000000333460 100 $a19860127d1641 uy | 101 0 $aeng 135 $aurbn||||a|bb| 200 02$aA protestation against a foolish, ridiculous and scandalous speech, pretended to be spoken by Thomas Wentworth, late Earle of Strafford, to certaine lords before his comming out of the Tower$b[electronic resource] $eas also against the simple and absurd letter to his lady in Ireland, together with the onely true copy of his speech, and the charge delivered to his son 210 $a[London $cs.n.]$dPrinted, anno, 1641 215 $a[2], 5, [1] p 300 $aPlace of publication from Wing. 300 $aReproduction of the original in the British Library. 330 $aeebo-0018 606 $aTreason$zEngland$vEarly works to 1800 615 0$aTreason 701 $aStrafford$b Thomas Wentworth$cEarl of,$f1593-1641.$01001354 801 0$bCu-RivES 801 1$bCu-RivES 801 2$bCStRLIN 801 2$bWaOLN 906 $aBOOK 912 $a996396833103316 996 $aA Protestation against a foolish, ridiculous and scandalous speech pretended to be spoken by Thomas Wentworth, late Earle of Strafford, to certaine lords before his comming out of the tower$92346506 997 $aUNISA LEADER 04101nam 2200637 450 001 9910789685303321 005 20230422031627.0 010 $a1-283-20142-9 010 $a9786613201423 010 $a0-567-64385-9 035 $a(CKB)2670000000106611 035 $a(EBL)742620 035 $a(OCoLC)741690095 035 $a(SSID)ssj0000523344 035 $a(PQKBManifestationID)11366848 035 $a(PQKBTitleCode)TC0000523344 035 $a(PQKBWorkID)10539994 035 $a(PQKB)10458858 035 $a(MiAaPQ)EBC742620 035 $a(Au-PeEL)EBL742620 035 $a(CaPaEBR)ebr10866896 035 $a(CaONFJC)MIL320142 035 $a(OCoLC)893335638 035 $a(EXLCZ)992670000000106611 100 $a19990517h19991999 uy| 0 101 0 $aeng 135 $aur|n|---||||| 181 $ctxt 182 $cc 183 $acr 200 10$aIdol food in Corinth $eJewish background and Pauline legacy /$fAlex T. Cheung 210 1$aSheffield :$cSheffield Academic,$d[1999] 210 4$d©1999 215 $a1 online resource (371 p.) 225 1 $aJournal for the study of the New Testament. Supplement series ;$v176 225 1 $aLibrary of New Testament studies 300 $aDescription based upon print version of record. 311 $a1-85075-904-9 320 $aIncludes bibliographical references (pages [323]-349) and index. 327 $aCONTENTS; Preface; Abbreviations; Introduction; THE SOCIAL MEANING OF EATING IDOL FOOD; 1. The Nature and Occasions of Eating Idol Food; 2. The Social Significance of Meals; 3. Some Implications for the Problem of Idol Food in Corinth; Chapter 2; THE BACKGROUND TO PAUL'S ATTITUDE TO IDOL FOOD IN EARLY JUDAISM; 1. The Jewish Scriptures; 2. Jewish Apocryphal Writings; 3. Jewish Pseudepigraphical Writings; 4. Qumran; 5. Philo; 6. Josephus; 7. Rabbinic Writings; 8. Pagan Authors on Jewish Attitude; 9. Implications for our Understanding of Paul's Attitude to Idol Food 327 $aEXEGETICAL INVESTIGATION OF 1 CORINTHIANS 8.1-11.11. Literary Integrity of 1 Corinthians 8.1-11.1; 2. The Nature of the Problem in Corinth and Paul's Response; 3. An Alternative Understanding of Paul's Approach to £i5coA,66\)Ta; 4. Conclusion; THE EARLY CHRISTIANS' UNDERSTANDING OF PAUL'S ATTITUDE TO IDOL FOOD; 1. The State of Research; 2. Assumptions and General Remarks; 3. The Book of Acts; 4. Revelation; 5. 6 Ezra; 6. The Apostolic Fathers; 7. Pagan References to Early Christian Attitudes toward Idol Food; 8. The Apologists; 9. Irenaeus; 10. Marcion; 11. The Gnostics; 12. Tertullian 327 $a13. Minucius Felix14. Clement of Alexandria; 15. Origen; 17. The Apostolic Constitutions; 18. Jewish Christianity; 19. Later Patristic Writers; 20. Conclusions; SUMMARY AND CONCLUDING REFLECTIONS; 1. Summary; 2. The Origins of Paul's Approach; 3. Concluding Hermeneutical Reflections; Appendix; EVALUATION OF SOME MAJOR STUDIES; Bibliography; Index of References; Index of Authors 330 $aThis historical and exegetical investigation strongly challenges the widely held view that Paul regarded idol food as a matter of indifference, to be avoided only for the sake of the spiritual health of the weak. An exhaustive treatment of early Christian material shows that early authors were deeply influenced by Paul's discussion in 1 Corinthians 8-10, and yet they were totally unaware of the subsequent traditional understanding that Paul regarded idol food as indifferent. Even those who advocated eating idol food did not once appeal to Paul's discussion for support. An alternative understan 410 0$aJournal for the study of the New Testament.$pSupplement series ;$v176. 410 0$aLibrary of New Testament studies. 606 $aVotive offerings$xBiblical teaching 615 0$aVotive offerings$xBiblical teaching. 676 $a227.206 700 $aCheung$b Alex T$g(Alex Tat-Man),$f1960-$01565503 801 0$bMiAaPQ 801 1$bMiAaPQ 801 2$bMiAaPQ 906 $aBOOK 912 $a9910789685303321 996 $aIdol food in Corinth$93835266 997 $aUNINA